Slovensko začína veriť v bohatnutie
Úvahy ekonómov o vzťahu charakteru a peňazí. Otázka aplikácie týchto úvah v praxi. Situácia s hospodárskym rastom a rastom životnej úrovne na Slovensku. Porovnanie minulosti a súčasnosti. Ako rástli ceny a mzdy. Reálna mzda v porovnaní s rokom 1989. Reálna kúpyschopnosť.
Uložené v:
| Hlavný autor: | |
|---|---|
| Médium: | Kapitola |
| Jazyk: | Slovak |
| Predmet: | |
| Tagy: |
Žiadne tagy, Buďte prvý, kto otaguje tento záznam!
|
MARC
| LEADER | 00000naa$a2200000$$$4500 | ||
|---|---|---|---|
| 001 | 0051810 | ||
| 005 | 20231009084350.0 | ||
| 041 | 0 | |a slo | |
| 044 | |a SK | ||
| 245 | 1 | 0 | |a Slovensko začína veriť v bohatnutie |c František Múčka |
| 520 | |a Úvahy ekonómov o vzťahu charakteru a peňazí. Otázka aplikácie týchto úvah v praxi. Situácia s hospodárskym rastom a rastom životnej úrovne na Slovensku. Porovnanie minulosti a súčasnosti. Ako rástli ceny a mzdy. Reálna mzda v porovnaní s rokom 1989. Reálna kúpyschopnosť. | ||
| 610 | 2 | 0 | |a úroveň životná |
| 610 | 2 | 0 | |a peniaze |
| 610 | 2 | 0 | |a morálka |
| 610 | 2 | 0 | |a ceny |
| 610 | 2 | 0 | |a mzdy |
| 610 | 2 | 0 | |a kúpyschopnosť |
| 610 | 2 | 0 | |a Slovensko |
| 100 | 1 | |a Múčka, František | |